Technocrime, policing, and surveillance / (Record no. 13818)
[ view plain ]
| 000 -LEADER | |
|---|---|
| fixed length control field | 01900cam a22003258a 4500 |
| 001 - CONTROL NUMBER | |
| control field | 17150958 |
| 005 - DATE AND TIME OF LATEST TRANSACTION | |
| control field | 20170105102840.0 |
| 008 - FIXED-LENGTH DATA ELEMENTS--GENERAL INFORMATION | |
| fixed length control field | 120206s2012 nyu 000 0 eng |
| 010 ## - LIBRARY OF CONGRESS CONTROL NUMBER | |
| LC control number | 2012004168 |
| 020 ## - INTERNATIONAL STANDARD BOOK NUMBER | |
| International Standard Book Number | 9780415500258 (hardback) |
| 020 ## - INTERNATIONAL STANDARD BOOK NUMBER | |
| International Standard Book Number | 9780203105245 (ebook) |
| 040 ## - CATALOGING SOURCE | |
| Original cataloging agency | DLC |
| Transcribing agency | DLC |
| 042 ## - AUTHENTICATION CODE | |
| Authentication code | pcc |
| 050 00 - LIBRARY OF CONGRESS CALL NUMBER | |
| Classification number | HV6773 |
| Item number | .L46 2012 |
| 082 00 - DEWEY DECIMAL CLASSIFICATION NUMBER | |
| Classification number | 363.259 |
| Edition number | 23 |
| 100 1# - MAIN ENTRY--PERSONAL NAME | |
| Personal name | Leman-Langlois, Stéphane, |
| Dates associated with a name | 1965- |
| 245 10 - TITLE STATEMENT | |
| Title | Technocrime, policing, and surveillance / |
| Statement of responsibility, etc. | Stephane Leman-Langlois. |
| 250 ## - EDITION STATEMENT | |
| Edition statement | 1st ed. |
| 260 ## - PUBLICATION, DISTRIBUTION, ETC. | |
| Place of publication, distribution, etc. | New York, NY : |
| Name of publisher, distributor, etc. | Routledge, |
| Date of publication, distribution, etc. | 2012. |
| 263 ## - PROJECTED PUBLICATION DATE | |
| Projected publication date | 1207 |
| 300 ## - PHYSICAL DESCRIPTION | |
| Extent | p. cm. |
| 490 0# - SERIES STATEMENT | |
| Series statement | Routledge frontiers of criminal justice |
| 505 0# - FORMATTED CONTENTS NOTE | |
| Formatted contents note | Introduction / Stéphane Leman-Langlois -- The criminal ecology of payment systems how "identity theft" evolved from plastic counterfeiting to the "crime of the century" / Benoît Dupont -- Media representations of the surveilled : exploring the 'subjects of surveillance' in mainstream media and alternate press releases / Rachel Finn and Michael McCahill -- The virtual surveillance lab : the creation of a simulated experimental environment / Stéphane Leman-Langlois -- Investigating transnational cybercrime : current challenges and emerging initiatives / Frédéric Lemieux and Brian Bales -- "We don't have these laser beams and stuff like that" : police investigations as low-tech work in a high-tech world / Laura Huey and Johnny Nhan -- Technology and database expansion : what impact on policing? / Olivier Ribaux and Tacha Hicks -- Technocrime, criminology, and marshall mcluhan : towards an inventory of criminological effects / James Sheptycki. |
| 650 #0 - SUBJECT ADDED ENTRY--TOPICAL TERM | |
| Topical term or geographic name entry element | Computer crimes. |
| 650 #0 - SUBJECT ADDED ENTRY--TOPICAL TERM | |
| Topical term or geographic name entry element | Computer security. |
| 650 #0 - SUBJECT ADDED ENTRY--TOPICAL TERM | |
| Topical term or geographic name entry element | Electronic surveillance. |
| 906 ## - LOCAL DATA ELEMENT F, LDF (RLIN) | |
| a | 7 |
| b | cbc |
| c | orignew |
| d | 1 |
| e | ecip |
| f | 20 |
| g | y-gencatlg |
| 942 ## - ADDED ENTRY ELEMENTS (KOHA) | |
| Source of classification or shelving scheme | |
| Koha item type | Book |
| Withdrawn status | Lost status | Damaged status | Not for loan | Collection code | Permanent Location | Current Location | Shelving location | Date acquired | Total Checkouts | Full call number | Barcode | Date last seen | Price effective from | Koha item type |
|---|---|---|---|---|---|---|---|---|---|---|---|---|---|---|
| Centre for International Peace & Stability (CIPS) | Centre for International Peace & Stability (CIPS) | General Stacks | 08/01/2013 | 363.259 TEC 2013 | CIPS0000143 | 08/02/2013 | 08/02/2013 | Book |
